Statistiche per Paesi comunisti

Clicka qui per fare il quiz!

Statistiche generali

  • Questo quiz è stato fatto 1.221 volte
  • Il punteggio medio è 14 su 26

Statistiche sulle risposte

AnniPaese% Corretto
1949 - presenteCina
93%
1922 - 1991Unione Sovietica
87%
1959 - presenteCuba
81%
1948 - presenteCorea del Nord
81%
1976 - presenteVietnam
76%
1945 - 1976Vietnam del Nord
76%
1945 - 1991Iugoslavia
74%
1944 - 1989Polonia
74%
1947 - 1989Romania
69%
1949 - 1989Ungheria
63%
1946 - 1990Bulgaria
62%
1948 - 1990Cecoslovacchia
58%
1946 - 1992Albania
57%
1975 - presenteLaos
54%
1924 - 1992Mongolia
54%
1949 - 1990Germania Est
54%
1979 - 1989Cambogia
52%
1978 - 1992Afghanistan
39%
1975 - 1992Angola
33%
1970 - 1991Repubblica del Congo
29%
1987 - 1991Etiopia
26%
1975 - 1990Mozambico
23%
1969 - 1991Somalia
22%
1967 - 1990Yemen del Sud
17%
1979 - 1983Grenada
11%
1975 - 1990Benin
10%

Distribuzione punteggi

Percentile per numero di risposta

Percentuale di utenti per punteggio

I tuoi punteggi nel tempo

Non hai fatto questo quiz